000 00320nam a2200133Ia 4500
008 190216s9999||||xx |||||||||||||| ||und||
100 _aBernard Moody
245 0 _aComparative Inorganic Chemistry
250 _a3rd Ed.
260 _bCbs Publishers
_c1996
300 _a562
650 _aChemistry-Chemistry
942 _cBK
999 _c2969
_d2969